Einführung in die Theorie der algebraischen Zahlen und Funktionen /
Guardado en:
| Autor Principal: | |
|---|---|
| Formato: | Libro |
| Idioma: | German |
| Publicado: |
Basel :
Birkhäuser,
1963.
|
| Series: | Lehrbücher und Monographien aus dem Gebiete der exakten Wissenschaften. Mathematische Reihe ;
Bd. 27 |
| Etiquetas: |
Agregar Etiqueta
Sin Etiquetas, Sea el primero en etiquetar este registro!
|
| LEADER | 00622nam a22001695a 4500 | ||
|---|---|---|---|
| 001 | MAT.inmabb001430 | ||
| 008 | 031124s1963####sz############000#0#ger#d | ||
| 005 | 20170815161340.0 | ||
| 245 | 1 | 0 | |a Einführung in die Theorie der algebraischen Zahlen und Funktionen / |c von Martin Eichler. |
| 260 | |a Basel : |b Birkhäuser, |c 1963. | ||
| 300 | |a 338 p. ; |c 25 cm. | ||
| 440 | 0 | |a Lehrbücher und Monographien aus dem Gebiete der exakten Wissenschaften. |p Mathematische Reihe ; |v Bd. 27 | |
| 510 | 4 | |a MR, |c 29 #5821 | |
| 100 | 1 | |a Eichler, M. |q (Martin) | |
| 084 | |a 14.35 (10.20) |2 MR | ||
| 010 | |a 64043365 | ||
| 859 | |h 14 |i Ei34 |p A-1695 |b BIB. MATEMATICA | ||
